000
00261nam a2200097Ia 4500
001
1164674
005
20250827011726.0
008
250824s9999 xx 000 0 und d
245
0
_a
HAYAT ANCAK BEN OLDUĞUMDA GERÇEKTİR
_c
GURDJİEFF
260
_b
DESTEK YAYINLARI
999
_c
1164674
_d
1164674